[Event "AUTO-ADV-4931"]
[Site "http://www.queenalice.com/game.php?id=1872131"]
[Date "2026.4.17"]
[Round "1"]
[White "rviana"]
[Black "kuntakinte"]
[Result "1-0"]
[WhiteElo "2075"]
[BlackElo "1781"]

1. d4 d5 2. c4 Nf6 3. Nf3 Bd7 4. e3 c6 5. cxd5 cxd5 6. Bd3 e6 7. O-O Nc6 8. Nc3
a6 9. Qe2 Bd6 10. Bd2 h6 11. Rac1 O-O 12. a3 e5 13. dxe5 Bxe5 14. Rc2 Qc7 15.
Nxe5 Qxe5 16. Rfc1 d4 17. exd4 Qxd4 18. Be3 Qe5 19. Bb6 Qg5 20. Ne4 Nxe4 21.
Qxe4 f5 22. Qe3 f4 23. Qd2 Bf5 24. Rc5 Qg6 25. Bc4+ Kh8 26. Bd5 Ne5 27. Bxb7
Rab8 28. Bc7 Rxb7 29. Bxe5 Bh3 30. f3 Rd7 31. Qc2 Bf5 32. Qf2 Bd3 33. h3 Bf5 34.
Kh2 Ra8 35. Rc8+ Rxc8 36. Rxc8+ Kh7 37. Bxf4 Rf7 38. Rc7 Be6 39. Rxf7 Qxf7 40.
Be5 Qf5 41. Bc3 h5 42. Qd4 Qg6 43. Qe5 Bc4 44. Kg1 Be6 45. Kf2 Qc2+ 46. Ke3 Qc1+
47. Ke4 Qc2+ 48. Kf4 Qg6 49. g4 Qf7+ 50. Kg3 g6 51. Qh8# 1-0

[Event "AUTO-ADV-4931"]
[Site "http://www.queenalice.com/game.php?id=1872132"]
[Date "2026.4.17"]
[Round "1"]
[White "kuntakinte"]
[Black "rviana"]
[Result "0-1"]
[WhiteElo "1785"]
[BlackElo "2034"]

1. e4 c6 2. c3 d5 3. d3 g6 4. e5 Bg7 5. d4 Bf5 6. Nf3 e6 7. Bd3 Ne7 8. Bg5 Nd7
9. O-O O-O 10. Qd2 f6 11. exf6 Bxf6 12. Bh6 Bg7 13. Bg5 h6 14. Bf4 Nf6 15. Bxf5
exf5 16. Bxh6 Nh7 17. Bg5 Nxg5 18. Nxg5 Qd6 19. Qd3 Bf6 20. Qe3 Bxg5 21. Qxg5
Kg7 22. Nd2 Rh8 23. h3 Rh5 24. Qe3 Ng8 25. c4 Nf6 26. Nf3 Re8 27. Ne5 c5 28. Qg3
Ne4 29. Qe3 cxd4 30. Qxd4 Qxe5 31. Qxa7 Re7 32. b3 Nd2 33. Rfe1 Qxe1+ 34. Rxe1
Rxe1+ 35. Kh2 Nf1+ 36. Kh1 f4 37. Qxb7+ Kh6 38. Qxd5 Ng3+ 39. Kh2 Rh1# 0-1

[Event "AUTO-MASTER-3302"]
[Site "http://www.queenalice.com/game.php?id=1872256"]
[Date "2026.4.21"]
[Round "1"]
[White "Capixabba789"]
[Black "rviana"]
[Result "0-1"]
[WhiteElo "1877"]
[BlackElo "2024"]

1. d4 Nf6 2. c4 d5 3. e3 Bf5 4. Nc3 e6 5. c5 b6 6. cxb6 axb6 7. f4 Bd6 8. Nf3
Nbd7 9. Be2 O-O 10. O-O c5 11. Ne5 Ne4 12. Bd2 Nxe5 13. fxe5 Nxd2 14. Qxd2 Be7
15. Kh1 c4 16. Bf3 Qd7 17. Bxd5 exd5 18. Nxd5 Bd3 19. Nxe7+ Qxe7 20. Rf4 b5 21.
a3 Ra6 22. e4 Qg5 23. Qe3 Re8 24. Qf3 Rf8 25. Rd1 f6 26. Rg4 Qh6 27. Re1 fxe5
28. Qg3 Raf6 29. h3 Rf1+ 30. Rxf1 Rxf1+ 31. Kh2 Rf4 32. dxe5 Rxe4 33. Rxe4 Bxe4
34. Qg4 Qc6 35. e6 Qd6+ 36. Kh1 Bg6 37. Qe2 Qe7 38. Qe5 Be8 39. Qd5 h6 40. Qe5
Kf8 41. Qf5+ Qf6 42. Qc5+ Kg8 43. Qc8 Qe7 44. Kh2 Qd6+ 45. Kh1 Qc6 46. Qd8 Qxe6
47. Qd2 Bc6 48. Qd8+ Kh7 49. Qd2 Qe4 50. Qf2 Kg8 51. Qd2 Kf7 0-1

[Event "AUTO-MASTER-3302"]
[Site "http://www.queenalice.com/game.php?id=1872257"]
[Date "2026.4.21"]
[Round "1"]
[White "rviana"]
[Black "Capixabba789"]
[Result "1-0"]
[WhiteElo "2013"]
[BlackElo "1888"]

1. c4 e5 2. Nc3 f5 3. e3 Nf6 4. d4 e4 5. Nge2 Be7 6. Nf4 O-O 7. Be2 d6 8. Qb3
Kh8 9. d5 b6 10. Bd2 Na6 11. O-O Nc5 12. Qc2 a5 13. Rac1 Bd7 14. Rfd1 g5 15. Nh5
g4 16. Nf4 a4 17. b4 axb3 18. axb3 Rg8 19. b4 Na6 20. Qb2 Qf8 21. Nb5 Qh6 22.
Bc3 Rg5 23. Ra1 g3 24. fxg3 Rgg8 25. Nh5 Rgf8 26. Bd4 Kg8 27. Nxf6+ Bxf6 28.
Bxf6 Rxf6 29. Qc3 Rff8 30. Nd4 Qf6 31. b5 Nc5 32. Rxa8 Rxa8 33. Ra1 Rxa1+ 34.
Qxa1 Qd8 35. Qa7 Qc8 36. Nc6 Kf8 37. Nb8 Be8 38. Na6 Qb7 39. Qb8 Qxb8 40. Nxb8
Ke7 41. Na6 Kd8 42. Nxc5 bxc5 43. g4 fxg4 44. Bxg4 Bg6 45. Kf2 Ke7 46. Kg3 Kf6
47. Kf4 h6 48. Kg3 Ke5 49. Kf2 Bf7 50. Ke2 1-0

[Event "AUTO-MASTER-3302"]
[Site "http://www.queenalice.com/game.php?id=1872265"]
[Date "2026.4.21"]
[Round "1"]
[White "chessman"]
[Black "rviana"]
[Result "1-0"]
[WhiteElo "2153"]
[BlackElo "2081"]

1. e4 c6 2. d4 d5 3. Nc3 dxe4 4. Nxe4 Bf5 5. Ng3 Bg6 6. Nf3 Nf6 7. Bc4 e6 8. O-O
Bd6 9. Re1 O-O 10. c3 Nbd7 11. Ng5 Qe7 12. Nxe6 fxe6 13. Rxe6 Qf7 14. Bb3 Nd5
15. Rxd6 Qxf2+ 16. Kh1 Rae8 17. Bxd5+ cxd5 18. Bg5 Be4 19. Qg1 Nb6 20. b3 Bd3
21. Rd1 Ba6 22. a4 h5 23. a5 Na8 24. Rd7 Rf7 25. Rxd5 Nc7 26. Rd8 Rxd8 27. Bxd8
Nd5 28. c4 Qxg1+ 29. Kxg1 Nc3 30. Re1 g6 31. d5 Kf8 32. d6 Rd7 33. Be7+ Kf7 34.
Rf1+ Kg7 35. Re1 Kf7 36. Ne4 Nxe4 37. Rxe4 b6 38. axb6 axb6 39. b4 Bb7 40. Re2
Bc6 41. c5 bxc5 42. bxc5 Ra7 43. Rf2+ Kg7 44. h3 Ra1+ 45. Kh2 Rc1 46. Rd2 Bd7
47. Rd5 Kf7 48. Rg5 Rc2 49. Re5 Bc6 50. Rg5 Rc4 51. Kg3 h4+ 52. Kh2 Rc2 53. Rg4
Re2 54. Bxh4 1-0

[Event "AUTO-ADV-4933"]
[Site "http://www.queenalice.com/game.php?id=1872603"]
[Date "2026.4.29"]
[Round "1"]
[White "rviana"]
[Black "SGF"]
[Result "1-0"]
[WhiteElo "2073"]
[BlackElo "1761"]

1. Nf3 f6 2. c4 c5 3. e3 Qb6 4. d4 d6 5. Nc3 e6 6. d5 e5 7. Bd3 Bg4 8. b3 a5 9.
O-O h5 10. h3 Bxf3 11. Bg6+ Ke7 12. Qxf3 Qb4 13. Bb2 Nd7 14. Qf5 Kd8 15. Qe6 Ne7
16. Bf7 a4 17. Nb5 Ra6 18. Nxd6 Kc7 19. Nb5+ Kd8 20. Bc3 Rxe6 21. dxe6 Qxb5 22.
cxb5 Nb6 23. Ba5 Kc7 24. bxa4 Nd5 25. Rfd1 Kb8 26. Bxb6 Nxb6 27. Rd8+ Kc7 28.
Rad1 g5 29. e7 Bxe7 30. Rxh8 h4 31. a5 Nc4 32. Bxc4 b6 33. a6 f5 34. Rh7 Kc8 35.
Rxe7 e4 36. Rb7 f4 37. Be6# 1-0

[Event "AUTO-ADV-4933"]
[Site "http://www.queenalice.com/game.php?id=1872616"]
[Date "2026.4.29"]
[Round "1"]
[White "rviana"]
[Black "maurice916"]
[Result "1-0"]
[WhiteElo "2093"]
[BlackElo "1859"]

1. c4 c6 2. Nc3 Nf6 3. d4 d5 4. Nf3 g6 5. e3 Bg4 6. Be2 Bg7 7. O-O O-O 8. h3
Bxf3 9. Bxf3 dxc4 10. Bd2 Na6 11. Qe2 b5 12. Bxc6 Rb8 13. Bxb5 Nc7 14. Bxc4 Rxb2
15. Bb3 Ncd5 16. Na4 Rxd2 17. Qxd2 e6 18. Nc5 Nb6 19. Rfc1 Qa8 20. Rab1 Rd8 21.
Qa5 Bf8 22. Nxe6 fxe6 23. Bxe6+ Kh8 24. Rc7 Qe4 25. Rxb6 axb6 26. Qxb6 Bg7 27.
Rc8 Rf8 28. Rxf8+ Bxf8 29. a4 h6 30. a5 Nh7 31. a6 Qd3 32. a7 Qd1+ 33. Kh2 Qe2
34. a8=Q Qxf2 35. Qf3 Qh4 36. Qb8 Qe7 37. Qe5+ Bg7 38. Qed5 Nf6 39. Qa8+ Kh7 40.
Bc4 Qc7+ 41. Qg3 Qxc4 42. Qb7 Nh5 43. Qe5 Qe2 44. Qf7 Qd3 45. d5 Qd2 46. d6 1-0

[Event "AUTO-ADV-4933"]
[Site "http://www.queenalice.com/game.php?id=1872617"]
[Date "2026.4.29"]
[Round "1"]
[White "maurice916"]
[Black "rviana"]
[Result "0-1"]
[WhiteElo "1886"]
[BlackElo "2080"]

1. Nf3 c6 2. b3 Nf6 3. Bb2 d5 4. e3 Bf5 5. c4 e6 6. Be2 Bd6 7. O-O Nbd7 8. d4
O-O 9. Nc3 Ne4 10. cxd5 Nxc3 11. Bxc3 exd5 12. Bd3 Be6 13. Bc2 Nf6 14. Qd3 Ne4
15. Nd2 Bf5 16. Nxe4 dxe4 17. Qe2 Qh4 18. g3 Qh3 19. Rac1 Bg4 20. f3 Bxf3 21.
Rxf3 exf3 22. Qxf3 Rae8 23. Rf1 f6 24. e4 Qd7 25. b4 Kh8 26. Bb3 b6 27. Qg2 Qe7
28. Bc2 c5 29. bxc5 bxc5 30. d5 Be5 31. Bd2 c4 32. Be3 c3 33. Rf5 Rb8 34. Bb3 a5
35. Qf2 a4 36. Bxa4 Rb1+ 37. Kg2 Rb2 38. Bc2 Rxa2 39. Qe2 g6 40. Rf2 Rc8 41. Qd3
Qd6 42. Bf4 Kg7 43. Be3 Rc7 44. Re2 h5 45. Bf2 Rb2 46. Be1 g5 47. Bf2 h4 48. Re1
g4 49. Re2 h3+ 50. Kh1 Rcb7 51. Re1 Qa3 52. Rc1 Ra2 53. Kg1 Qxc1+ 0-1